000
00323nam a2200145Ia 4500
005
20251222153549.0
008
251222s9999||||xx |||||||||||||| ||spa||
020
_a
8432296384
082
_a
813.6/P34
100
_a
Pearl, Matthew
245
0
_a
El Club Dante
250
_a
5ta.ed.
264
_b
Seix Barral
942
_c
LIB
999
_c
30758
_d
30758